Women in unorganised sector (Record no. 2618)
[ view plain ]
| 000 -LEADER | |
|---|---|
| fixed length control field | 00680nam a2200157Ia 4500 |
| 005 - DATE AND TIME OF LATEST TRANSACTION | |
| control field | 20240426055405.0 |
| 008 - FIXED-LENGTH DATA ELEMENTS--GENERAL INFORMATION | |
| fixed length control field | 240331s9999 xx 000 0 und d |
| 020 ## - INTERNATIONAL STANDARD BOOK NUMBER | |
| ISBN | 8185059098 |
| 082 ## - DDC Classification | |
| Item Number - Author Mark | TOM |
| Class No. | 331.4 |
| 100 ## - MAIN ENTRY--PERSONAL NAME | |
| Personal name | Tom, Irene |
| 245 #0 - TITLE STATEMENT | |
| Title | Women in unorganised sector |
| Statement of responsibility, etc. | Irene tom |
| 260 ## - PUBLICATION, DISTRIBUTION, ETC. | |
| Place of publication, distribution, etc. | New Delhi : |
| Name of publisher, distributor, etc. | Usha publication |
| Date of publication, distribution, etc. | 1989 |
| 300 ## - PHYSICAL DESCRIPTION | |
| Extent (e.g. Volumes, Pages etc.) | x, 110 p ., |
| 500 ## - GENERAL NOTE | |
| General note | This book fills the gap by describing the use of technology, work organization and labor relations in silk industry. the book also deals with the challenge presented by the question of how development initiated in silk industry can improve women's working conditions in the unorganized sector. |
| 942 ## - Koha item type (Biblio) | |
| Koha item type | Books in Stacks (Lending) |
| Lost status | Damaged status | Collection code | Home library | Current library | Shelving location | Date acquired | Full call number | Accession Number | Item type |
|---|---|---|---|---|---|---|---|---|---|
| Lending | WERC Library | WERC Library | Social Science Cupboard | 03/31/2024 | 331.4 TOM | 971 | Books in Stacks (Lending) |
